000 00970cab a2200181 4500
001 ##L131146
008 051004n2005 000 0 eng u
035 _a(Sirsi) u131146
041 0 _aeng
110 1 _aOrdnance Survey
_91860
245 0 0 _aOrdnance Survey launches LandPlan Data for desktop delivery
260 _c2005
490 0 _aOrdnance Survey News Release
_v28 September 2005 (2)
520 _aOrdnance Survey's (OS) new desktop data product, Landplan Data, is ideal for property professionals. It enables detailed analysis of project sites from 1 km sq to 25km sq anywhere in Great Britain based on up-to-date survey information. It is the largest scale of OS raster data to show contours. Landplan Data is delivered by email from a seamless database, so users can choose precisely where they want their extract centred.
590 _aIKA111005
690 _aENVIRONMENTAL AND LAND CONSULTANCY-GEOMATICS-MAPPING AND POSITIONING-CARTOGRAPHY
942 _n0
999 _c75969
_d75969